| 000 | 00520nam a22001811a 4500 | ||
|---|---|---|---|
| 001 | 6008 | ||
| 003 | OSt | ||
| 005 | 20260204212036.0 | ||
| 008 | 060328s1983||||dr ||||||b||||||||||spa|| | ||
| 050 | _aRD 248.482 R618p | ||
| 100 | _aRodríguez Demorizi, Emilio | ||
| 245 | _aPapeles de monseñor de Meriño / Emilio Rodríguez Demorizi | ||
| 264 | _aSanto Domingo : XI Feria Nacional del Libro | ||
| 300 | _a266 p | ||
| 500 | _aIncluye bibliografía | ||
| 650 | _a1.Hombres - Guía de vida cristianaÌ | ||
| 942 |
_2ddc _cBK |
||
| 999 |
_c6008 _d6008 |
||